Der Büttnerbauer; (Record no. 1576)

MARC details
000 -LEADER
fixed length control field 00560cam a22002051 4500
001 - CONTROL NUMBER
control field af 47002135
003 - CONTROL NUMBER IDENTIFIER
control field DLC
005 - DATE AND TIME OF LATEST TRANSACTION
control field 20260227110812.0
008 - FIXED-LENGTH DATA ELEMENTS--GENERAL INFORMATION
fixed length control field 801028s1944 xx 000 0 ger c
010 ## - LIBRARY OF CONGRESS CONTROL NUMBER
LC control number af 47002135
035 ## - SYSTEM CONTROL NUMBER
System control number (OCoLC)6873699
040 ## - CATALOGING SOURCE
Original cataloging agency Yale Univ. Library
Transcribing agency GASU
Modifying agency WaS
-- DLC
042 ## - AUTHENTICATION CODE
Authentication code premarc
050 00 - LIBRARY OF CONGRESS CALL NUMBER
Classification number PT2631.O44
Item number B7 1944
100 1# - MAIN ENTRY--PERSONAL NAME
Personal name Polenz, Wilhelm von,
Dates associated with a name 1861-1903.
245 14 - TITLE STATEMENT
Title Der Büttnerbauer;
Remainder of title Roman.
260 ## - PUBLICATION, DISTRIBUTION, ETC.
Place of publication, distribution, etc. Berlin,
Name of publisher, distributor, etc. T. Knaur Nachf.
Date of publication, distribution, etc. [1944]
300 ## - PHYSICAL DESCRIPTION
Extent 351, [1] p.
Dimensions 20 cm.
500 ## - GENERAL NOTE
General note Printed in Belgium.

No items available.

Powered by Koha